00435nam a2200169Ia 4500003000400000005001700004008004100021020002900062040001700091082002100108100001200129245003900141250001200180260003000192300001800222650002500240IIN20240129161718.0231217s9999 xx 000 0 und d cRs.625.00a9780808924663 aIINbEnglish a610.3 bDOR1 aDorland1 aPocket Medical DictionarycDorland a29th ed bElsevieraNew Delhic2013 axxiii, 848 p.1 aDictionaryvMedical